1515 1606 1915 1115 1325 1441 1523 1588 1420 1166 1587 1959 1409 1958 1253 1445 1467 1310 1892 1987 1663 1679 1409 1495 1026 1883 1924 1092 1431 1347 1887 1452 1842 1736 1187 1950 1149 1036 1895 1388 1194 1535 1111 1451 1678 1226 1589 1919 1440 1163 1377 1477 1741 1084 1046 1557 1743 1358 1720 1396 1607 1963 1300 1627 1536 1367 1904 1439 1358 1279 1996 1645 1928 1592 1812 1045 1610 1614 1888 1650 1031 1336 1861 1578 1298 1623 1693 1032 1270 1268 1611 1501 1321 1131 1356 1633 1798 1321 1744 BCNSPRNW ULIB Ver.6.0+V

เปลี่ยนเป็นภาษาไทย

Change to English
 แสดงรายละเอียดบรรณานุกรม
  กลับหน้าหลัก

Brief Record : Get Marc (ISO 2709) : E-mail record : QR code < ปิดหน้าต่าง
LEADER : 00000nam 2200000uu 4500
001    13399109099
003     ULIB
008    110321s2545||||th 000 0 tha d
020    9743676651
060 04 WA292^bน176ก 2545
110 1  มหาวิทยาลัยขอนแก่น. ^bคณะแพทยศาสตร์
245 10 การปฏิบัติการกู้ชีพ=^bCardiopulmonary resuscitation /^cบรรณาธิการ,นพพร เชาวะเจริญ,พนอ เตชะอธิก,กาญจนา สิมะจารึก,นิตยา วอแพง
246 31 Cardiopulmonary resuscitation
250    พิมพ์ครั้งที่ 1
260    ขอนแก่น :^bคณะแพทยศาสตร์ มหาวิทยาลัยขอนแก่น,^c2545
300    89 หน้า :^bภาพประกอบ
650  7 Cpr
650  7 การกู้ชีพ
700 0  นพพร เชาวะเจริญ,^eบรรณาธิการ
700 0  พนอ เตชะอธิก,^eบรรณาธิการ
700 0  กาญจนา สิมะจารึก,^eบรรณาธิการ
700 0  นิตยา วอแพง,^eบรรณาธิการ
710 2  โรงพยาบาลศรีนครินทร์. ^bงานบริการพยาบาล
945    ^p0^l0^i027789
995    ทศพร
999 ^a ใช้งานได้ทุกระบบ
รายการนี้ยังไม่มีแท็ก
คุณยังไม่ได้ล็อกอิน คุณสามารถมีกิจกรรมร่วมกับเว็บไซต์ได้ แต่ต้องล็อกอินก่อน ::
  ล็อกอิน

รายการสื่อสารสนเทศ

ลำดับที่ ประเภท เลขเรียก/บาร์โค้ด สถานที่ สถานะ
- ไม่พบข้อมูล -

รายการใกล้เคียง
    หัวเรื่อง [Cpr]
    หัวเรื่อง [การกู้ชีพ]

BibComment


ยังไม่เคยถูกคอมเมนท์

คอมเมนท์ทรัพยากรรายการนี้
  คอมเมนท์: การปฏิบัติการกู้ช..


 Copyright 2026. Bcnsprnw @Library